Countries Bordering Mozambique - Statistics

General Stats
  • This quiz has been taken 424 times
    222 since last reset
  • The average score is 6 of 6
Answer Stats
Length Country % Correct
491 km South Africa
99%
756 km Tanzania
98%
1231 km Zimbabwe
97%
419 km Zambia
95%
105 km Eswatini
94%
1569 km Malawi
92%
No matching quizzes found
Score Distribution
Percent of People with Each Score
Percentile by Number Answered
Your Score History
You have not taken this quiz since the last reset